Las universidades como productoras de conocimiento en Colombia

Detalles Bibliográficos
Autor principal: Vizcan̕o, Milca̕des
Otros Autores: Muǫz, Ruth
Formato: eBook
Lenguaje:español
Publicado: Bogot:̀ Ediciones Universidad Cooperativa de Colombia, 2018
Materias:
Acceso en línea:Acceso restringido

MARC

LEADER 00000nam a22000007a 4500
005 20200421152854.0
007 cr|||| ||||
008 200421s2018 co |||||s|||| 00||0 spa d
020 |a 978-958-760-106-0 
035 |a 31339 
040 |a vLex 
090 |c 10308  |d 10308 
100 1 |a Vizcan̕o, Milca̕des 
245 1 3 |a Las universidades como productoras de conocimiento en Colombia  |h [Recurso electrn̤ico] /  |c Milca̕des Vizcan̕o, Ruth Muǫz 
256 |a Servicio en ln̕ea 
260 |a Bogot:̀  |b Ediciones Universidad Cooperativa de Colombia,  |c 2018 
300 |a 1 recurso electrn̤ico 
500 |a Este libro presenta un balance sobre la investigacin̤ que hacen las universidades en el periodo 1970-2015. El objetivo general es mostrar la vinculacin̤ de la investigacin̤ con la misin̤ de las universidades localizadas en un contexto de globalizacin̤ que condiciona el presente y el futuro de su bs︢queda cientf̕ica. De manera especf̕ica, esta publicacin̤ se propone: a) analizar el rol de las universidades en relacin̤ con su compromiso de realizar investigacin̤ con calidad y pertinencia; b) examinar la investigacin̤ como parte integral de la misin̤ de las universidades; c) analizar los procesos que implican para las universidades institucionalizar la investigacin̤; d) presentar hallazgos sobre la incidencia que tiene el entorno en los procesos internos de investigacin̤; e) observar el impacto de las globalizaciones actuales de un mundo en cambios rp̀idos e irreversibles sobre la investigacin̤ que hacen las universidades; f) examinar los significados que tiene el producir conocimiento en tiempos de globalizacin̤; y g) proyectar una mirada al futuro de la investigacin̤ en las universidades en Colombia. Los argumentos que se debaten en cada uno de los segmentos anunciados provienen de informacin̤ oficial del Estado, de organismos nacionales e internacionales vinculados con la investigacin̤ y la educacin̤ superior y de documentos e investigaciones producidos por analistas del campo particular de la investigacin̤ o del desarrollo de las universidades. 
506 1 |a Disponible solo en los productos indicados  |d vLex Global  |d vLex Global (Academic Edition, excluding Law Schools)  |d vLex Global (U.S. Academic Edition, Law Schools)  |d vLex Global (U.S. Academic Edition, excluding Law Schools)  |d vLex Global (Academic Edition, Law Schools) 
650 0 4 |a Universidades  |z Colombia 
650 0 4 |a Investigacin̤ y Desarrollo  |z Colombia 
700 1 |a Muǫz, Ruth 
740 0 |a vLex Libros (Servicio en ln̕ea) 
856 4 0 |u http://vlex.com/source/universidades-como-productoras-de-conocimiento-en-colombia-31339  |z Acceso restringido 
942 |c BOOK 
999 0 |a Universities 
999 0 |a Research and Development